<?xml version="1.0" encoding="UTF-8"?>
<record
    xmlns:xsi="http://www.w3.org/2001/XMLSchema-instance"
    xsi:schemaLocation="http://www.loc.gov/MARC21/slim http://www.loc.gov/standards/marcxml/schema/MARC21slim.xsd"
    xmlns="http://www.loc.gov/MARC21/slim">

  <leader>01278nam a2200217Ia 4500</leader>
  <controlfield tag="003">OSt</controlfield>
  <controlfield tag="005">20251211155708.0</controlfield>
  <controlfield tag="008">210707s1983    xx            000 0 und d</controlfield>
  <datafield tag="040" ind1=" " ind2=" ">
    <subfield code="c">AL</subfield>
  </datafield>
  <datafield tag="041" ind1=" " ind2=" ">
    <subfield code="a">Kannada</subfield>
  </datafield>
  <datafield tag="082" ind1=" " ind2=" ">
    <subfield code="a">K894.3 JAYS</subfield>
  </datafield>
  <datafield tag="100" ind1=" " ind2=" ">
    <subfield code="a">JAYATIRTHA RAJAPUROHITA</subfield>
    <subfield code="d">&#xC9C;&#xCAF;&#xCA4;&#xCC0;&#xCB0;&#xCCD;&#xCA5; &#xCB0;&#xCBE;&#xC9C;&#xCAA;&#xCC1;&#xCB0;&#xCCB;&#xCB9;&#xCBF;&#xCA4;</subfield>
    <subfield code="9">248875</subfield>
  </datafield>
  <datafield tag="245" ind1=" " ind2=" ">
    <subfield code="a">Suligaali</subfield>
    <subfield code="b">&#xCB8;&#xCC1;&#xCB3;&#xCBF;&#xC97;&#xCBE;&#xCB3;&#xCBF;</subfield>
  </datafield>
  <datafield tag="260" ind1=" " ind2=" ">
    <subfield code="a">Bengaluru</subfield>
    <subfield code="b">Vishvakannade Sammelana</subfield>
    <subfield code="c">1983</subfield>
  </datafield>
  <datafield tag="300" ind1=" " ind2=" ">
    <subfield code="a">iv,173 p</subfield>
  </datafield>
  <datafield tag="365" ind1=" " ind2=" ">
    <subfield code="b">2</subfield>
    <subfield code="c">INR</subfield>
  </datafield>
  <datafield tag="520" ind1=" " ind2=" ">
    <subfield code="a">&#xCB8;&#xCC1;&#xCB3;&#xCBF;&#xC97;&#xCBE;&#xCB3;&#xCBF; (Suligaali) &#xC8E;&#xC82;&#xCAC;&#xCC1;&#xCA6;&#xCC1; &#xCAA;&#xCCD;&#xCB0;&#xC96;&#xCCD;&#xCAF;&#xCBE;&#xCA4; &#xC95;&#xCA8;&#xCCD;&#xCA8;&#xCA1; &#xCB8;&#xCBE;&#xCB9;&#xCBF;&#xCA4;&#xCBF;, &#xC86;&#xCA1;&#xCB3;&#xCBF;&#xCA4;&#xC97;&#xCBE;&#xCB0; &#xC9C;&#xCAF;&#xCA4;&#xCC0;&#xCB0;&#xCCD;&#xCA5; &#xCB0;&#xCBE;&#xC9C;&#xCAA;&#xCC1;&#xCB0;&#xCCB;&#xCB9;&#xCBF;&#xCA4; &#xC85;&#xCB5;&#xCB0;&#xCC1; &#xCAC;&#xCB0;&#xCC6;&#xCA6; &#xCAA;&#xCCD;&#xCB0;&#xCBE;&#xCA6;&#xCC7;&#xCB6;&#xCBF;&#xC95; &#xC95;&#xCBE;&#xCA6;&#xC82;&#xCAC;&#xCB0;&#xCBF;; &#xC87;&#xCA6;&#xCC1; &#xCB9;&#xCC8;&#xCA6;&#xCB0;&#xCBE;&#xCAC;&#xCBE;&#xCA6;&#xCCD;-&#xC95;&#xCB0;&#xCCD;&#xCA8;&#xCBE;&#xC9F;&#xC95;&#xCA6; &#xCA8;&#xCBF;&#xC9C;&#xCBE;&#xCAE;&#xCB6;&#xCBE;&#xCB9;&#xCBF; &#xC86;&#xCA1;&#xCB3;&#xCBF;&#xCA4;&#xCA6; &#xC95;&#xCBE;&#xCB2;&#xCA6; &#xCB8;&#xCBE;&#xCAE;&#xCBE;&#xC9C;&#xCBF;&#xC95;-&#xCB0;&#xCBE;&#xC9C;&#xC95;&#xCC0;&#xCAF; &#xCAA;&#xCB0;&#xCBF;&#xCB8;&#xCCD;&#xCA5;&#xCBF;&#xCA4;&#xCBF;&#xCAF;&#xCA8;&#xCCD;&#xCA8;&#xCC1; &#xC9A;&#xCBF;&#xCA4;&#xCCD;&#xCB0;&#xCBF;&#xCB8;&#xCC1;&#xCA4;&#xCCD;&#xCA4;&#xCA6;&#xCC6; &#xCAE;&#xCA4;&#xCCD;&#xCA4;&#xCC1; &#xC85;&#xCB5;&#xCB0;&#xCBF;&#xC97;&#xCC6; &#xCB8;&#xCBE;&#xCB9;&#xCBF;&#xCA4;&#xCCD;&#xCAF; &#xC85;&#xC95;&#xCBE;&#xCA1;&#xCAE;&#xCBF; &#xCAA;&#xCCD;&#xCB0;&#xCB6;&#xCB8;&#xCCD;&#xCA4;&#xCBF;&#xCAF;&#xCA8;&#xCCD;&#xCA8;&#xCC1; &#xCA4;&#xC82;&#xCA6;&#xCC1;&#xC95;&#xCCA;&#xC9F;&#xCCD;&#xC9F; &#xC95;&#xCC3;&#xCA4;&#xCBF;&#xCAF;&#xCBE;&#xC97;&#xCBF;&#xCA6;&#xCC6;</subfield>
  </datafield>
  <datafield tag="563" ind1=" " ind2=" ">
    <subfield code="a">PB</subfield>
  </datafield>
  <datafield tag="650" ind1=" " ind2=" ">
    <subfield code="a">Kannada Fiction</subfield>
    <subfield code="9">248876</subfield>
  </datafield>
  <datafield tag="942" ind1=" " ind2=" ">
    <subfield code="2">ddc</subfield>
    <subfield code="c">BK</subfield>
  </datafield>
  <datafield tag="999" ind1=" " ind2=" ">
    <subfield code="c">180143</subfield>
    <subfield code="d">180143</subfield>
  </datafield>
  <datafield tag="952" ind1=" " ind2=" ">
    <subfield code="0">0</subfield>
    <subfield code="1">0</subfield>
    <subfield code="2">ddc</subfield>
    <subfield code="4">0</subfield>
    <subfield code="7">0</subfield>
    <subfield code="8">KAN</subfield>
    <subfield code="a">AL</subfield>
    <subfield code="b">AL</subfield>
    <subfield code="d">2002-05-08</subfield>
    <subfield code="g">2.00</subfield>
    <subfield code="l">0</subfield>
    <subfield code="o">K894.3 JAYS</subfield>
    <subfield code="p">BB04045</subfield>
    <subfield code="r">2021-07-08 00:00:00</subfield>
    <subfield code="w">2021-07-08</subfield>
    <subfield code="y">BB</subfield>
  </datafield>
</record>
